MDBS Príručka systémového programátora. Správa bázy dát

Gespeichert in:
Bibliographische Detailangaben
Format: Buch
Sprache:Slowakisch
Veröffentlicht: Bratislava Datasystém 1985
Ausgabe:1. vyd.
Tags: Tag hinzufügen
Keine Tags, Fügen Sie das erste Tag hinzu!

MARC

LEADER 00000nam a2200000 4500
001 c024999
005 20221128073348.0
041 0 |a slo 
044 |a SK 
245 1 0 |a MDBS  |b Príručka systémového programátora. Správa bázy dát 
250 |a 1. vyd. 
264 1 |a Bratislava  |b Datasystém  |c 1985 
300 |a 67 s.